000 00370nam a2200157Ia 4500
008 210716s2006 xx 000 0 und d
020 _a8181285328
041 _aeng
082 _a006.312 WANJ
100 _aWang, Jason T L.
245 _aData mining in bioinformatics.
250 _a1
260 _aNew Delhi
_bSpringer
_c2006
300 _axi,340
650 _aNone
999 _c190233
_d190233